Schaum's outline of theory and problems of of Complex Variable SI / (Record no. 1273)
[ view plain ]
| 000 -LEADER | |
|---|---|
| fixed length control field | 00722nac a22002171u 4500 |
| 020 ## - INTERNATIONAL STANDARD BOOK NUMBER | |
| International Standard Book Number | 0070990093 |
| 082 00 - DEWEY DECIMAL CLASSIFICATION NUMBER | |
| Classification number | 515.63 |
| Item number | S7551 |
| 090 ## - LOCALLY ASSIGNED LC-TYPE CALL NUMBER (OCLC); LOCAL CALL NUMBER (OCLC) | |
| -- | 1273 |
| -- | 1273 |
| 100 ## - MAIN ENTRY--PERSONAL NAME | |
| Personal name | Spiegel, Murray R. |
| 245 10 - TITLE STATEMENT | |
| Title | Schaum's outline of theory and problems of of Complex Variable SI / |
| Statement of responsibility, etc | by Murray R. Spiegel. |
| 246 14 - VARYING FORM OF TITLE | |
| Title proper/short title | Complex Variable SI |
| 260 ## - | |
| -- | New York : |
| -- | McGraw-Hill, |
| -- | 2002. |
| 300 ## - PHYSICAL DESCRIPTION | |
| Extent | 313 p. : |
| Other physical details | ill. ; |
| Dimensions | 28 cm. |
| 336 ## - CONTENT TYPE | |
| Source | rdacontent |
| Content type term | text |
| Content type code | txt |
| 337 ## - MEDIA TYPE | |
| Media type term | unmediated |
| Source | rdamedia |
| Media type code | n |
| 338 ## - CARRIER TYPE | |
| Carrier type term | volume |
| Carrier type code | nc |
| Source | rdacarrier |
| 490 0# - SERIES STATEMENT | |
| Series statement | Schaum's outline series |
| 500 ## - GENERAL NOTE | |
| General note | Includes index. |
| 650 #0 - SUBJECT ADDED ENTRY--TOPICAL TERM | |
| Topical term or geographic name as entry element | Functions of complex variables |
| General subdivision | Problems, exercises |
| 942 ## - ADDED ENTRY ELEMENTS (KOHA) | |
| Koha item type | Book - Borrowing |
| Call number prefix | 515.63S7551 |
| Classification part | RDA-MOD |
| Withdrawn status | Lost status | Damaged status | Not for loan | Home library | Current library | Shelving location | Date acquired | Source of acquisition | Total Checkouts | Full call number | Barcode | Checked out | Date last seen | Price effective from | Koha item type |
|---|---|---|---|---|---|---|---|---|---|---|---|---|---|---|---|
| Central Library | Central Library | First floor | 30/08/2006 | Purchase | 1 | 515.63 SPI | 000003202 | 30/07/2008 | 17/09/2007 | 30/08/2006 | Book - Borrowing |